000 01285cam a22003617a 4500
003 CHAP
005 20220817040942.0
008 971013s1990 r 00010 d
010 _a3355
011 _a4327
035 _a3529
040 _cCHAP
090 _aFolleto 13012
100 0 0 _aKaimowitz, David.
_962600
245 0 _aNuevas estrategias en la transferencia de tecnología agropecuaria para el Istmo Centroamericano
260 _aSan José, C.R. :
_bInstituto Interamericano de Cooperación para la Agricultura,
_c1990
300 _a52 p
490 0 _aSerie documentos de programas
_v; 20
590 _aBATCH-UPD
_b10
_c20130110
_lUCH01
_h0050
590 _aBATCH-UPD
_b10
_c20130110
_lUCH01
_h1101
590 _aBATCH-UPD
_b10
_c20130410
_lUCH01
_h0654
590 _aBATCH-UPD
_b10
_c20130914
_lUCH01
_h0320
590 _aBATCH-UPD
_b10
_c20130914
_lUCH01
_h2028
590 _aCONVERSION
_b10
_c20130109
_lUCH01
_h1303
650 1 4 _aAgricultura
_xAmérica Central.
_91184
650 1 4 _aAgricultura
_xInnovaciones tecnológicas.
_91565
650 1 4 _aTransferencia de tecnología.
_9114619
700 0 _aVartanian, Daniel.
_9118171
830 0 _aSerie documentos de programas
_v; 20
901 _aBK
942 _cFOLL
949 _aFolleto 13012
_bBC
_cFOLL
_d-13050
_eTS1
_i3529
_mD
_si
999 _c3355
_d3355